000 00549nam a22001691a 4500
001 11690
003 OSt
005 20260204212251.0
008 130507s2011||||dr ||||||b||||||||||spa||
020 _a9788562716065
050 _aRD 667 L616c
245 _aLibro conmemorativo 2011: Recopilacion de los mejores proyectos / Claudio Castro de Mercado [et-al]
264 _aRepública Dominicana : ODEBRECTH
300 _a307 p
650 _aDESARROLLO CIENTIFICO Y TECNOLOGICO (REPUBLICA DOMINICANA) 2.DESARROLLO SOSTENIBLE I-TITÌ
942 _2ddc
_cBK
999 _c11690
_d11690